LEADER 01300nam a2200289 a 4500 001 000000124381 003 CaOOAMICUS 005 20110217145212.0 008 110217s1996 it foa u000 u ita r 020 $a88-311-1613-4 040 $aPUL$bita 082 04$a268.4 100 1 $aCavalletti, Sofia.$0(OLS)http://pul/name/16970 245 13$aIl potenziale religioso tra i 6 e i 12 anni :$bdescrizione di un'esperienza /$cSofia Cavalletti ; presentazione di Mauro Laeng. 260 $aRoma :$bCittà Nuova,$c©1996. 300 $a192 p. :$bill., [18] c. di tav., fotogr. ;$c22 cm 650 4$aFanciulli$xEducazione religiosa.$0(OLS)http://pul/subject/29127 650 4$aPedagogia pastorale.$0(OLS)http://pul/subject/22967 700 1 $aLaeng, Mauro,$d1926-$0(OLS)http://pul/name/2219 850 $aPUL 852 $aPUL$W1$xSL Religione 3$y85$m268. 4 CAVSO 1$j143179$qDDC 21$B142213$CPULBib$Z2$F142213 $H115522 $82 941 1 $a9 996 $6020$a88-311-1613-4$9(OLS)http://pul/number/146395 996 $6082$a268.4$9(OLS)http://pul/classification/1854 996 $6245$aIl potenziale religioso tra i 6 e i 12 anni :$bdescrizione di un'esperienza$9(OLS)http://pul/title/156791 996 $6260$aRoma :$bCittà Nuova$9(OLS)http://pul/publisher/47927 LEADER 01150nam a2200265 a 4500 001 000000164763 003 CaOOAMICUS 005 20171201122611.0 008 171201s1942 it m u001 u ita r 032 $aLibriCat 040 $aPUL$bita 100 1 $aCoccia, Antonio.$0(OLS)http://pul/name/98195 245 13$aIl problema critico in Giovanni Gentile /$cp. Antonio Coccia O.F.M. Conv. 260 $aRoma :$b[s.n.],$c1942. 300 $a42 p. ;$c24 cm. 502 $aEstratto da tesi. Pontificio Ateneo Urbaniano. Facoltà filosofica. 1942. 504 $aBibliografia in nota a piè pagina. 600 14$aGentile, Giovanni,$d1875-1944$xFilosofia.$0(OLS)http://pul/subject/19317 710 2 $aPontificium Athenaeum Urbanianum.$bFacultas philosophica.$kTesi.$0(OLS)http://pul/name/106005 850 $aPUL 852 $aPUL$W1$xDP1 Tesi Pon. Univ. Urbaniana$y49$mTH URB 8$j188936$qTesi$B192077$CPULBib$Z2$F192077 $H12131 $82 941 1 $a16 996 $6245$aIl problema critico in Giovanni Gentile$9(OLS)http://pul/title/204448 996 $6260$aRoma :$b[s.n.]$9(OLS)http://pul/publisher/47958